UM Logo

Philippine population review/ (Record no. 1789)

MARC details
000 -LEADER
fixed length control field 00504nam a22001457a 4500
008 - FIXED-LENGTH DATA ELEMENTS--GENERAL INFORMATION
fixed length control field 160415b xxu||||| |||| 00| 0 eng d
022 ## - INTERNATIONAL STANDARD SERIAL NUMBER
International Standard Serial Number 1655-8049
082 ## - DEWEY DECIMAL CLASSIFICATION NUMBER
Edition number Jan-Dec 2005 v.4
Classification number DPer 304.6
Item number P53
245 ## - TITLE STATEMENT
Title Philippine population review/
Statement of responsibility, etc. Philippine Population Association.
260 ## - PUBLICATION, DISTRIBUTION, ETC. (IMPRINT)
Place of publication, distribution, etc. Philippines:
Name of publisher, distributor, etc. Philippine Population Association,
Date of publication, distribution, etc. Jan-Dec 2005.
300 ## - PHYSICAL DESCRIPTION
Extent 135 pages;
Dimensions 25 cm.
500 ## - GENERAL NOTE
General note Includes bibliographical references.
650 #0 - SUBJECT ADDED ENTRY--TOPICAL TERM
9 (RLIN) 5676
Topical term or geographic name as entry element Population
Geographic subdivision Philippines.
942 ## - ADDED ENTRY ELEMENTS (KOHA)
Source of classification or shelving scheme Dewey Decimal Classification
Koha item type Periodicals
Holdings
Withdrawn status Lost status Source of classification or shelving scheme Damaged status Not for loan Collection code Home library Current library Date acquired Source of acquisition Total Checkouts Full call number Barcode Date last seen Price effective from Koha item type Public note
    Dewey Decimal Classification     Periodicals UM Digos College - LIC UM Digos College - LIC 04/15/2016 Donation   DPer 304.6 P53 Jan-Dec 2005 v.4 21960 05/15/2025 04/15/2016 Periodicals Bound periodical